[Event "V Festival Mare di Fano A"]
[Site "Fano ITA"]
[Date "2016.07.30"]
[Round "1"]
[White "Altieri, Danilo Mario"]
[Black "Lioe, Dede"]
[WhiteElo "2037"]
[BlackElo "2357"]
[Result "0-1"]
[PlyCount "108"]
[EventDate "2016.07.30"]

1. c4 Nf6 2. g3 d5 3. Bg2 g6 4. Nc3 d4 5. Ne4 Nxe4 6. Bxe4 Bg7 7. d3 O-O 8. Bg2
Nc6 9. Nf3 e5 10. O-O h6 11. a3 a5 12. Rb1 Qe7 13. Bd2 f5 14. b4 e4 15. Ne1 Re8
16. Nc2 Be6 17. b5 Nd8 18. Qc1 Kh7 19. a4 Bf7 20. Qa3 Qd7 21. Rfe1 b6 22. Na1
Nb7 23. Nb3 Rad8 24. Qc1 Qe7 25. Ra1 g5 26. Qa3 Qf6 27. Rab1 Bg6 28. f4 Nd6 29.
c5 Nf7 30. cxb6 cxb6 31. Rec1 Re6 32. Rc7 Bh5 33. dxe4 fxe4 34. f5 Re5 35. Nxd4
Rxd4 36. Bc3 Qd8 37. Bxd4 Qxd4+ 38. e3 Qd8 39. Rbc1 Qf6 40. Qb3 Nd8 41. Qc2
Qxf5 42. Rf1 Qe6 43. Qd2 Rd5 44. Qc3 Bf7 45. Qc4 Bg6 46. Bh3 Qe5 47. Rc8 h5 48.
Rc7 g4 49. Bg2 Rd2 50. Rf4 Ne6 51. Bxe4 Nxc7 52. Bxg6+ Kxg6 53. Qf7+ Kh7 54.
Rf5 Qxe3+ 0-1

[Event "V Festival Mare di Fano A"]
[Site "Fano ITA"]
[Date "2016.07.30"]
[Round "1"]
[White "Aris, T.L.S."]
[Black "Getz, Nicolai"]
[WhiteElo "2162"]
[BlackElo "2461"]
[Result "0-1"]
[PlyCount "96"]
[EventDate "2016.07.30"]

1. d4 Nf6 2. c4 e6 3. Nc3 Bb4 4. Qb3 c5 5. Nf3 Nc6 6. e3 O-O 7. Bd3 d5 8. a3
Na5 9. Qa2 Bxc3+ 10. bxc3 dxc4 11. Bxc4 Qc7 12. Bd3 b6 13. O-O Bb7 14. Ne5 Rac8
15. h3 c4 16. Bc2 Ne4 17. Qb2 f6 18. Ng4 Nb3 19. Bxb3 cxb3 20. Qxb3 Bd5 21. Qc2
h5 22. Nh2 Qxc3 23. Qxc3 Rxc3 24. f3 Ng3 25. Re1 Rfc8 26. Bd2 Rc2 27. Red1 Ne2+
28. Kh1 Nc3 29. Bxc3 R8xc3 30. e4 Bc4 31. Nf1 Bxf1 32. Rxf1 Rd2 33. Rfc1 Rxc1+
34. Rxc1 Rxd4 35. Rc8+ Kh7 36. Rc7 Ra4 37. Rc3 h4 38. Kg1 Kg6 39. Kf2 e5 40. g3
Kg5 41. Rc7 hxg3+ 42. Kxg3 Rxa3 43. h4+ Kh6 44. Kg4 a5 45. Rc8 Kh7 46. h5 a4
47. f4 exf4 48. Kf5 f3 0-1

[Event "V Festival Mare di Fano A"]
[Site "Fano ITA"]
[Date "2016.07.30"]
[Round "1"]
[White "Aulia, Medina Warda"]
[Black "Rago, Riccardo"]
[WhiteElo "2382"]
[BlackElo "2042"]
[Result "1/2-1/2"]
[PlyCount "50"]
[EventDate "2016.07.30"]

1. e4 c5 2. Nf3 Nc6 3. d4 cxd4 4. Nxd4 Nf6 5. Nc3 e5 6. Ndb5 d6 7. Bg5 a6 8.
Na3 b5 9. Nd5 Be7 10. Bxf6 Bxf6 11. c3 O-O 12. Nc2 Bg5 13. g3 Ne7 14. Nxe7+
Bxe7 15. Bg2 Rb8 16. O-O a5 17. Ne3 Be6 18. Qd3 Qc7 19. f4 Bc4 20. Nxc4 bxc4
21. Qd5 Rxb2 22. Kh1 exf4 23. Rxf4 Bf6 24. Raf1 Be5 25. R4f2 Rxf2 1/2-1/2

[Event "V Festival Mare di Fano A"]
[Site "Fano ITA"]
[Date "2016.07.30"]
[Round "1"]
[White "Aulia, Virda Rizka"]
[Black "Rigo, Janos"]
[WhiteElo "1918"]
[BlackElo "2243"]
[Result "0-1"]
[PlyCount "70"]
[EventDate "2016.07.30"]

1. e4 c5 2. Nc3 Nc6 3. g3 g6 4. Bg2 Bg7 5. d3 e6 6. Be3 Nd4 7. Qd2 Ne7 8. Nd1
b6 9. c3 Ndc6 10. Ne2 Ba6 11. f3 d5 12. Nf2 Rc8 13. Rd1 d4 14. Bh6 O-O 15. h4
Bxh6 16. Qxh6 Kh8 17. h5 Ng8 18. Qd2 g5 19. f4 h6 20. fxg5 Qxg5 21. Qxg5 hxg5
22. h6 Kh7 23. Kd2 dxc3+ 24. bxc3 Ne5 25. Rh5 f6 26. Ke3 Bb5 27. Rf1 Rcd8 28.
Nc1 Rd6 29. c4 Be8 30. Rh2 Ba4 31. Ke2 Rfd8 32. Bf3 Bc2 33. Bh5 b5 34. cxb5 c4
35. Ke3 cxd3 0-1

[Event "V Festival Mare di Fano A"]
[Site "Fano ITA"]
[Date "2016.07.30"]
[Round "1"]
[White "Cavalieri, Riccardo"]
[Black "Csonka, Attila Istvan"]
[WhiteElo "1937"]
[BlackElo "2316"]
[Result "0-1"]
[PlyCount "54"]
[EventDate "2016.07.30"]

1. e4 c5 2. Nf3 e6 3. c4 Nc6 4. Nc3 a6 5. d4 cxd4 6. Nxd4 Qc7 7. Be2 Nf6 8. Be3
Ne5 9. f3 Nxc4 10. Bxc4 Qxc4 11. Rc1 Qb4 12. O-O d5 13. exd5 Nxd5 14. Nxd5 exd5
15. Re1 Be7 16. Nf5 Be6 17. Rc7 O-O 18. Nxe7+ Kh8 19. Bc5 Qa5 20. Nxd5 Rfd8 21.
Rxe6 fxe6 22. Bd4 Rxd5 23. Bxg7+ Kg8 24. Qc1 Rad8 25. Qc3 Qb6+ 26. Kf1 Rd1+ 27.
Ke2 R8d2+ 0-1

[Event "V Festival Mare di Fano A"]
[Site "Fano ITA"]
[Date "2016.07.30"]
[Round "1"]
[White "Cirelli, Alessandro"]
[Black "Misiano, Franco"]
[WhiteElo "1935"]
[BlackElo "2296"]
[Result "1/2-1/2"]
[PlyCount "81"]
[EventDate "2016.07.30"]

1. e4 e6 2. d4 d5 3. exd5 exd5 4. Nf3 Bd6 5. Bg5 f6 6. Bh4 Ne7 7. Bd3 Bf5 8.
Bg3 O-O 9. O-O Nbc6 10. c3 Qd7 11. Bxd6 Qxd6 12. Bxf5 Nxf5 13. Qd3 Qd7 14. Re1
Nd6 15. Nbd2 Qf5 16. Qxf5 Nxf5 17. Re2 Rfe8 18. Rae1 Rxe2 19. Rxe2 Kf7 20. Kf1
h5 21. Ne1 g5 22. Nc2 Rd8 23. Ne3 Nce7 24. Nxf5 Nxf5 25. Nf3 Rd6 26. Ne1 Re6
27. Rxe6 Kxe6 28. Nd3 b6 29. Ke2 a5 30. g3 Kd6 31. Ne1 c5 32. Nc2 Ke6 33. Kd3
c4+ 34. Ke2 b5 35. Ne3 Nxe3 36. Kxe3 Kf5 37. Kf3 Ke6 38. h3 Kf5 39. g4+ hxg4+
40. hxg4+ Ke6 41. Ke3 1/2-1/2

[Event "V Festival Mare di Fano A"]
[Site "Fano ITA"]
[Date "2016.07.30"]
[Round "1"]
[White "Corvi, Marco"]
[Black "Tamin, Upi Darmayana"]
[WhiteElo "2343"]
[BlackElo "2033"]
[Result "1-0"]
[PlyCount "61"]
[EventDate "2016.07.30"]

1. c4 Nf6 2. Nc3 g6 3. g3 Bg7 4. Bg2 O-O 5. e4 d6 6. Nge2 c6 7. O-O e5 8. h3
Be6 9. b3 Qd7 10. Kh2 d5 11. Ba3 Rd8 12. exd5 cxd5 13. d4 Nc6 14. dxe5 Nxe5 15.
cxd5 Nxd5 16. Ne4 Nc6 17. Rc1 Ncb4 18. Qd2 Qb5 19. Nd4 Qb6 20. Nxe6 fxe6 21.
Rc4 a5 22. Qe2 Re8 23. h4 Rad8 24. h5 e5 25. Bc1 gxh5 26. a3 Nc6 27. Bg5 Nce7
28. Qxh5 h6 29. Bh4 Rf8 30. Nc5 Rf5 31. Bxd5+ 1-0

[Event "V Festival Mare di Fano A"]
[Site "Fano ITA"]
[Date "2016.07.30"]
[Round "1"]
[White "Cuhendi, Sean Winshand"]
[Black "Paler, Adrian"]
[WhiteElo "2395"]
[BlackElo "2066"]
[Result "1-0"]
[PlyCount "57"]
[EventDate "2016.07.30"]

1. e4 c5 2. Nf3 d6 3. d4 cxd4 4. Nxd4 Nf6 5. Nc3 a6 6. Qe2 Qc7 7. Bg5 Nc6 8.
O-O-O e6 9. f4 Be7 10. Nf3 O-O 11. e5 dxe5 12. fxe5 Nd5 13. Bd2 Nxc3 14. Bxc3
Nb4 15. Bxb4 Bxb4 16. Qe4 Be7 17. Bd3 g6 18. h4 f5 19. exf6 Bxf6 20. h5 Qg7 21.
c3 Bd7 22. hxg6 hxg6 23. Bc4 Rae8 24. Rh3 Bc8 25. Rdh1 Qf7 26. Ne5 Bg5+ 27. Kb1
Qf5 28. Rh8+ Kg7 29. R1h7+ 1-0

[Event "V Festival Mare di Fano A"]
[Site "Fano ITA"]
[Date "2016.07.30"]
[Round "1"]
[White "Esposti, Federico"]
[Black "Weichhold, Pawel"]
[WhiteElo "2063"]
[BlackElo "2387"]
[Result "1/2-1/2"]
[PlyCount "62"]
[EventDate "2016.07.30"]

1. e4 c5 2. Nc3 Nc6 3. g3 g6 4. Bg2 Bg7 5. d3 Rb8 6. Be3 b5 7. Qd2 b4 8. Nd1 d6
9. Ne2 e5 10. O-O Nge7 11. Bh6 O-O 12. Bxg7 Kxg7 13. Ne3 Nd4 14. c3 bxc3 15.
bxc3 Nxe2+ 16. Qxe2 Ba6 17. f4 Qa5 18. f5 f6 19. Rac1 Qa3 20. Rc2 Qa4 21. fxg6
hxg6 22. Bh3 Qb5 23. c4 Qe8 24. Be6 Nc6 25. Qg4 Nd4 26. Nf5+ Nxf5 27. Bxf5 Kh7
28. Qh5+ Kg7 29. Qg4 Kh7 30. Qh5+ Kg7 31. Qg4 Kh7 1/2-1/2

[Event "V Festival Mare di Fano A"]
[Site "Fano ITA"]
[Date "2016.07.30"]
[Round "1"]
[White "Fier, Alexandr"]
[Black "Mazzini, Mauro"]
[WhiteElo "2616"]
[BlackElo "2191"]
[Result "1/2-1/2"]
[PlyCount "129"]
[EventDate "2016.07.30"]

1. e4 c5 2. Nf3 g6 3. d4 cxd4 4. Nxd4 Nc6 5. Nc3 Bg7 6. Be3 Nf6 7. Bc4 O-O 8.
Bb3 d6 9. f3 Bd7 10. Qd2 Nxd4 11. Bxd4 b5 12. O-O Bc6 13. Rae1 Nd7 14. Bxg7
Kxg7 15. f4 Qb6+ 16. Kh1 a5 17. Bd5 f6 18. Ne2 e5 19. Rd1 Nc5 20. Ng3 Rad8 21.
f5 Bxd5 22. exd5 Rc8 23. Rf3 Rc7 24. Rdf1 Nd7 25. Ne4 Nc5 26. Nf2 g5 27. h4 h6
28. Ng4 Rh8 29. Rh3 Rcc8 30. Nf2 b4 31. Qe2 Qb7 32. Qd2 Qb5 33. Re1 Qd7 34. Rf3
Qf7 35. Kg1 Qa7 36. Ree3 Qe7 37. Qd1 Na4 38. Qc1 Qf7 39. Rd3 Nc5 40. Rd1 Qh5
41. a3 Rhd8 42. axb4 axb4 43. Rh3 Qf7 44. Qd2 Qb7 45. b3 Ra8 46. Qe2 Qf7 47.
Ng4 Rh8 48. Ne3 Ne4 49. Qc4 Nc3 50. Re1 Qb7 51. Qd3 Ra5 52. hxg5 hxg5 53. Rxh8
Kxh8 54. Ng4 Nxd5 55. Qh3+ Qh7 56. Qf3 Qa7+ 57. Nf2 Ra1 58. Rxa1 Qxa1+ 59. Kh2
Qd4 60. Ne4 Kg7 61. Nxd6 Qh4+ 62. Kg1 Qe1+ 63. Kh2 Qh4+ 64. Kg1 Qe1+ 65. Kh2
1/2-1/2

[Event "V Festival Mare di Fano A"]
[Site "Fano ITA"]
[Date "2016.07.30"]
[Round "1"]
[White "Fisabilillah, Ummi"]
[Black "Nguyen, Piotr"]
[WhiteElo "2099"]
[BlackElo "2430"]
[Result "0-1"]
[PlyCount "116"]
[EventDate "2016.07.30"]

1. e4 g6 2. d4 Bg7 3. Nc3 d6 4. h3 a6 5. a4 Nf6 6. Nf3 O-O 7. Be3 b6 8. e5 Nfd7
9. e6 fxe6 10. Bc4 Nf6 11. d5 c6 12. Ng5 cxd5 13. Nxd5 Nxd5 14. Bxd5 Kh8 15.
Bxe6 Qe8 16. Qg4 h5 17. Qe4 d5 18. Qd3 Nd7 19. Bd4 Nc5 20. Qe3 Bxd4 21. Qxd4+
Rf6 22. Bf7 Qf8 23. b4 e5 24. Qxe5 Nd7 25. Qc3 Qe7+ 26. Kd2 Qe5 27. Qe3 Qxe3+
28. fxe3 Rf2+ 29. Kc3 Ne5 30. Raf1 Rxg2 31. Rhg1 Rxg1 32. Rxg1 Kg7 33. Be6 Kf6
34. Bxc8 Rxc8+ 35. Kd4 Re8 36. h4 Re7 37. Rf1+ Kg7 38. a5 bxa5 39. bxa5 Nc4 40.
e4 Nd2 41. Re1 dxe4 42. Kc3 e3 43. Kd3 Kf6 44. Rxe3 Rxe3+ 45. Kxe3 Nc4+ 46. Kd4
Nxa5 47. Kc5 Kf5 48. Nf7 Ke6 49. Ng5+ Ke5 50. Nf7+ Kf4 51. Nh8 g5 52. hxg5 Kxg5
53. Nf7+ Kf4 54. Nh8 Kf5 55. Nf7 h4 56. Nd6+ Ke5 57. Nf7+ Kf4 58. Nh8 h3 0-1

[Event "V Festival Mare di Fano A"]
[Site "Fano ITA"]
[Date "2016.07.30"]
[Round "1"]
[White "Gonzalez Diaz, Julio"]
[Black "Sala, Sergio"]
[WhiteElo "2273"]
[BlackElo "1919"]
[Result "1-0"]
[PlyCount "99"]
[EventDate "2016.07.30"]

1. e4 Nf6 2. Nc3 d5 3. e5 Ne4 4. d4 Nxc3 5. bxc3 e6 6. f4 c5 7. Nf3 Be7 8. Bd3
Nc6 9. O-O c4 10. Be2 b5 11. Qe1 g6 12. Be3 Bd7 13. Bf2 b4 14. cxb4 Bxb4 15. c3
Be7 16. Rb1 Rb8 17. Qd2 O-O 18. g4 Kh8 19. Kh1 Qc7 20. Bg3 Rxb1 21. Rxb1 Rb8
22. Rf1 Qb6 23. f5 Qb2 24. Qe3 Qxa2 25. fxg6 fxg6 26. Bh4 Bxh4 27. Nxh4 Kg7 28.
Qf3 Qd2 29. Qf6+ Kh6 30. Qf2 Qg5 31. Ng2 Qe7 32. Qe3+ Kg7 33. g5 Rb3 34. Bd1
Rb1 35. Qg3 a5 36. Ne3 Nd8 37. Qh4 Be8 38. Qh6+ Kg8 39. Ng4 Nf7 40. Qh4 Nxg5
41. Nf6+ Kg7 42. Qxg5 Kh8 43. Qh6 Ba4 44. Nxd5 Rxd1 45. Nxe7 Rxf1+ 46. Kg2 Rf7
47. Nxg6+ Kg8 48. Nf4 Bc6+ 49. Kg3 a4 50. Qxe6 1-0

[Event "V Festival Mare di Fano A"]
[Site "Fano ITA"]
[Date "2016.07.30"]
[Round "1"]
[White "Kholopov, Alexander A"]
[Black "Di Chiara, Mauro"]
[WhiteElo "2289"]
[BlackElo "1934"]
[Result "1-0"]
[PlyCount "41"]
[EventDate "2016.07.30"]

1. d4 d6 2. c4 g6 3. Nc3 Bg7 4. e4 Nf6 5. f4 O-O 6. Nf3 c5 7. d5 e6 8. Be2 exd5
9. cxd5 Re8 10. Nd2 b5 11. Bxb5 Bg4 12. Qc2 Nh5 13. Nf3 Bxf3 14. gxf3 Qh4+ 15.
Qf2 Qxf2+ 16. Kxf2 Re7 17. Bd2 Nd7 18. e5 Nb6 19. exd6 Bd4+ 20. Kg2 Bxc3 21.
bxc3 1-0

[Event "V Festival Mare di Fano A"]
[Site "Fano ITA"]
[Date "2016.07.30"]
[Round "1"]
[White "Klekowski, Maciej"]
[Black "Legowo, Parahita Millyena"]
[WhiteElo "2429"]
[BlackElo "2085"]
[Result "1-0"]
[PlyCount "55"]
[EventDate "2016.07.30"]

1. c4 e6 2. Nf3 Nf6 3. d4 d5 4. Nc3 dxc4 5. e3 a6 6. a4 Bb4 7. Bxc4 c5 8. O-O
cxd4 9. exd4 O-O 10. Qe2 b6 11. Rd1 Bxc3 12. bxc3 Bb7 13. Bg5 h6 14. Bh4 Nbd7
15. Bd3 Qc8 16. c4 Re8 17. a5 e5 18. Nxe5 Nxe5 19. dxe5 Ng4 20. f4 g5 21. h3
Qc5+ 22. Bf2 Nxf2 23. Qxf2 gxf4 24. axb6 Rxe5 25. Qxc5 Rxc5 26. Bf1 a5 27. Rd7
Ba6 28. Ra7 1-0

[Event "V Festival Mare di Fano A"]
[Site "Fano ITA"]
[Date "2016.07.30"]
[Round "1"]
[White "Landi, Alberto"]
[Black "Matsenko, Andrei"]
[WhiteElo "2004"]
[BlackElo "2327"]
[Result "0-1"]
[PlyCount "142"]
[EventDate "2016.07.30"]

1. e4 c6 2. d4 d5 3. exd5 cxd5 4. Bd3 Nc6 5. c3 Nf6 6. Bg5 g6 7. Bxf6 exf6 8.
Ne2 Bh6 9. Nd2 O-O 10. Qc2 Bg4 11. h3 Bxe2 12. Bxe2 Re8 13. Nf3 Qe7 14. Kf1
Rac8 15. Re1 Qd7 16. g3 a6 17. Kg2 b5 18. h4 Bg7 19. h5 f5 20. Qd2 Qd6 21. Ng5
Nd8 22. h6 Bf8 23. Bf3 Rxe1 24. Rxe1 f6 25. Nh3 Nf7 26. Qe3 Bxh6 27. Qe6 Rd8
28. Qxd6 Rxd6 29. Re8+ Kg7 30. Rc8 Bc1 31. b3 g5 32. Bh5 Nd8 33. Be2 Nc6 34.
Bd3 Ne7 35. Rc7 Kf8 36. Ng1 Re6 37. Ne2 Bd2 38. Kf1 h5 39. Ra7 Rc6 40. a4 bxa4
41. bxa4 Bxc3 42. Rxa6 Rxa6 43. Bxa6 Bd2 44. Kg2 Ke8 45. Bb5+ Kd8 46. Ng1 Nc8
47. Be2 g4 48. Bd3 Nd6 49. Ne2 Kc7 50. a5 Kc6 51. a6 Kb6 52. Kg1 Ne4 53. Kf1 f4
54. Nxf4 Bxf4 55. gxf4 h4 56. Kg1 f5 57. Kg2 Ka7 58. Bb5 h3+ 59. Kg1 Nd2 60.
Bc6 Nf3+ 61. Kh1 Kxa6 62. Bxd5 Nxd4 63. Kh2 Kb6 64. f3 Kc5 65. fxg4 fxg4 66.
Bf7 Nf3+ 67. Kg3 h2 68. Kg2 g3 69. Be8 Ne1+ 70. Kh1 Nd3 71. Kg2 Nf2 0-1

[Event "V Festival Mare di Fano A"]
[Site "Fano ITA"]
[Date "2016.07.30"]
[Round "1"]
[White "Lavorgna, Filippo"]
[Black "Brancaleoni, Maurizio"]
[WhiteElo "1849"]
[BlackElo "2229"]
[Result "0-1"]
[PlyCount "62"]
[EventDate "2016.07.30"]

1. c4 e6 2. g3 d5 3. Nf3 dxc4 4. Qa4+ Nd7 5. Qxc4 a6 6. Bg2 b5 7. Qc2 Bb7 8.
O-O Ngf6 9. d4 c5 10. dxc5 Bxc5 11. Bf4 Rc8 12. Qd1 Qb6 13. Ne5 Bxg2 14. Nxd7
Qc6 15. Ne5 Qb7 16. Re1 Bh3 17. e4 O-O 18. Qf3 h5 19. Nc3 Rfd8 20. Bg5 Ng4 21.
Nxg4 hxg4 22. Qe2 f6 23. Be3 b4 24. Bxc5 bxc3 25. Qe3 Qxb2 26. Rec1 c2 27. Ba3
Qxa1 28. Rxa1 Rd1+ 29. Qe1 Rcd8 30. f4 Rxa1 31. Qxa1 Rd1+ 0-1

[Event "V Festival Mare di Fano A"]
[Site "Fano ITA"]
[Date "2016.07.30"]
[Round "1"]
[White "Liepold, Stefan"]
[Black "Lavorgna, Francesco"]
[WhiteElo "2236"]
[BlackElo "1887"]
[Result "1-0"]
[PlyCount "51"]
[EventDate "2016.07.30"]

1. e4 c6 2. d4 d5 3. exd5 cxd5 4. c4 Nf6 5. Nc3 e6 6. Nf3 Be7 7. cxd5 Nxd5 8.
Bd3 O-O 9. O-O Nc6 10. Re1 Bf6 11. Be4 Nxc3 12. bxc3 Qc7 13. Ng5 Bxg5 14. Bxg5
h6 15. Bd2 Rd8 16. Qf3 Bd7 17. Bf4 Qc8 18. Qg3 Kh8 19. Qh4 f5 20. Bxh6 gxh6 21.
Qxh6+ Kg8 22. Re3 Kf7 23. Qh7+ Kf6 24. Rh3 Rg8 25. Rh6+ Kg5 26. g3 1-0

[Event "V Festival Mare di Fano A"]
[Site "Fano ITA"]
[Date "2016.07.30"]
[Round "1"]
[White "Lindiawati, Evi"]
[Black "Purnama, Tirta Chandra"]
[WhiteElo "2022"]
[BlackElo "2337"]
[Result "1-0"]
[PlyCount "34"]
[EventDate "2016.07.30"]

1. e4 c5 2. Nf3 e6 3. d4 cxd4 4. Nxd4 a6 5. Bd3 Qc7 6. O-O Nf6 7. Be3 Bc5 8. c3
O-O 9. Nd2 d6 10. Rc1 Nbd7 11. b4 Ba7 12. f4 Re8 13. Qf3 Nf8 14. c4 Ng6 15.
N2b3 e5 16. Nc2 Bg4 17. Qf2 Nxf4 1-0

[Event "V Festival Mare di Fano A"]
[Site "Fano ITA"]
[Date "2016.07.30"]
[Round "1"]
[White "Marzocchi, Tommaso"]
[Black "Laketic, Gojko"]
[WhiteElo "2068"]
[BlackElo "2413"]
[Result "0-1"]
[PlyCount "76"]
[EventDate "2016.07.30"]

1. e4 Nf6 2. e5 Nd5 3. c4 Nb6 4. d4 d6 5. exd6 cxd6 6. Nc3 g6 7. Be3 Bg7 8. Qd2
Nc6 9. Be2 d5 10. cxd5 Nxd5 11. Nxd5 Qxd5 12. Bf3 Qd6 13. Ne2 O-O 14. O-O Rd8
15. Rfd1 Bf5 16. Rac1 Rac8 17. a3 b6 18. g4 Be6 19. Rxc6 Rxc6 20. d5 Qb8 21.
Qe1 Rcd6 22. Bf4 Qb7 23. Bxd6 Rxd6 24. Nf4 Bc8 25. Qe2 Qc7 26. Ng2 Bb7 27. Ne3
Bh6 28. h4 Bf4 29. Ng2 Rd7 30. h5 Bg5 31. Be4 Qe5 32. f4 Bxf4 33. hxg6 hxg6 34.
Nxf4 Qxf4 35. Bxg6 Qg3+ 36. Kf1 fxg6 37. Rd3 Qd6 38. Qe4 Ba6 0-1

[Event "V Festival Mare di Fano A"]
[Site "Fano ITA"]
[Date "2016.07.30"]
[Round "1"]
[White "Matsenko, Vadim"]
[Black "Moroni, Luca jr"]
[WhiteElo "2132"]
[BlackElo "2457"]
[Result "0-1"]
[PlyCount "100"]
[EventDate "2016.07.30"]

1. e4 e6 2. d4 d5 3. e5 c5 4. c3 Nc6 5. Nf3 Qb6 6. a3 Bd7 7. b4 cxd4 8. cxd4
Rc8 9. Be2 a5 10. b5 Nxd4 11. Nxd4 Rxc1 12. Qxc1 Qxd4 13. Qc3 Bc5 14. O-O Qxc3
15. Nxc3 Bd4 16. Rac1 Bxe5 17. Na4 Ne7 18. Rfd1 Nc8 19. b6 Ke7 20. Nc5 Bc6 21.
Rb1 Nd6 22. Bd3 Bd4 23. Rdc1 e5 24. a4 Rc8 25. Kf1 Nc4 26. Bxc4 dxc4 27. Rxc4
Bxc5 28. Rxc5 Bxg2+ 29. Kxg2 Rxc5 30. Rb3 Ke6 31. Rb2 Rc4 32. Rb5 Rxa4 33. Rc5
Rb4 34. Rxa5 Rxb6 35. Ra8 h5 36. Re8+ Kf5 37. Re7 Kf6 38. Rd7 Rb1 39. Rc7 b5
40. Rc6+ Kf5 41. Rc7 Kg6 42. Rc6+ f6 43. Rc7 b4 44. Rb7 b3 45. Rb8 b2 46. Rb7
f5 47. Kf3 e4+ 48. Kg2 f4 49. Kh3 e3 50. fxe3 fxe3 0-1

[Event "V Festival Mare di Fano A"]
[Site "Fano ITA"]
[Date "2016.07.30"]
[Round "1"]
[White "Nemeth, Miklos"]
[Black "Villar Nieves, Antonio"]
[WhiteElo "2467"]
[BlackElo "2175"]
[Result "1-0"]
[PlyCount "133"]
[EventDate "2016.07.30"]

1. e4 c5 2. Nf3 Nc6 3. d4 cxd4 4. Nxd4 Nf6 5. Nc3 e5 6. Ndb5 d6 7. Bg5 a6 8.
Na3 b5 9. Bxf6 gxf6 10. Nd5 Bg7 11. g3 f5 12. Bg2 fxe4 13. Bxe4 Rb8 14. Qh5 Ne7
15. Nxe7 Qxe7 16. Rd1 Bb7 17. Bxb7 Qxb7 18. O-O Rd8 19. c3 O-O 20. Nc2 f5 21.
Ne3 Qd7 22. Nd5 Rde8 23. f4 exf4 24. Rxf4 Be5 25. Rf2 Rf7 26. Rdf1 Qa7 27. Kg2
Qb7 28. Qd1 Ref8 29. Qf3 Kg7 30. Kg1 Qa7 31. Nf4 Bxf4 32. Qxf4 Qc5 33. Rd1 Rf6
34. Rd4 Qe5 35. Qf3 Re8 36. Rd5 Qe1+ 37. Rf1 Qe2 38. Rxf5 Rxf5 39. Qxf5 Qe3+
40. Kg2 Qe7 41. Qg4+ Kh8 42. Qd4+ Kg8 43. Rf4 Qe2+ 44. Rf2 Qe6 45. Rd2 Qxa2 46.
Qxd6 Qe6 47. Qxe6+ Rxe6 48. Kf3 Kf7 49. Rd7+ Kg6 50. h4 h5 51. Rd5 Rf6+ 52. Ke4
Rf2 53. Rd6+ Kg7 54. b4 Rg2 55. Kf4 Rf2+ 56. Kg5 Rf3 57. Rg6+ Kh7 58. Kxh5 Rxc3
59. g4 Rc4 60. Rxa6 Rxb4 61. Ra7+ Kg8 62. Rb7 Kf8 63. Kg5 Kg8 64. h5 Kh8 65.
Kf5 Kg8 66. g5 Rh4 67. Kg6 1-0

[Event "V Festival Mare di Fano A"]
[Site "Fano ITA"]
[Date "2016.07.30"]
[Round "1"]
[White "Priasmoro, Novendra"]
[Black "Rezzuti, Vincenzo"]
[WhiteElo "2309"]
[BlackElo "1937"]
[Result "1-0"]
[PlyCount "75"]
[EventDate "2016.07.30"]

1. e4 e5 2. Nf3 Nc6 3. Bb5 a6 4. Bxc6 dxc6 5. O-O Bg4 6. h3 h5 7. d3 Qf6 8. Be3
Ne7 9. Nbd2 Bxf3 10. Qxf3 Qxf3 11. Nxf3 Ng6 12. d4 Bd6 13. dxe5 Nxe5 14. Nxe5
Bxe5 15. f4 Bxb2 16. Rab1 Bc3 17. Rxb7 O-O-O 18. Ra7 Rh6 19. Ra8+ Kd7 20. Rd1+
Rd6 21. Rxd6+ cxd6 22. Ra7+ Ke8 23. Rxa6 Kd7 24. Ra3 Bf6 25. Ra7+ Ke6 26. Kf2
Rb8 27. f5+ Ke5 28. Kf3 Rb4 29. Ra8 d5 30. Bf4+ Kd4 31. e5 Bxe5 32. c3+ Kxc3
33. Bxe5+ Kc2 34. Rc8 Rc4 35. Bxg7 c5 36. a4 Kd3 37. a5 d4 38. a6 1-0

[Event "V Festival Mare di Fano A"]
[Site "Fano ITA"]
[Date "2016.07.30"]
[Round "1"]
[White "Rahman, Masruri"]
[Black "Mirri, Pietro"]
[WhiteElo "2335"]
[BlackElo "2011"]
[Result "1-0"]
[PlyCount "37"]
[EventDate "2016.07.30"]

1. d4 d5 2. Nf3 Nf6 3. Bf4 e6 4. Nbd2 c5 5. e3 Nc6 6. c3 Be7 7. Ne5 O-O 8. Bd3
Nxe5 9. dxe5 Nd7 10. h4 Re8 11. Nf3 f6 12. Bxh7+ Kxh7 13. Ng5+ fxg5 14. Qh5+
Kg8 15. hxg5 Nf8 16. g6 Nxg6 17. Qxg6 Rf8 18. Rh7 Bf6 19. Qh5 1-0

[Event "V Festival Mare di Fano A"]
[Site "Fano ITA"]
[Date "2016.07.30"]
[Round "1"]
[White "Romanishin, Oleg M"]
[Black "Murin, Janos"]
[WhiteElo "2433"]
[BlackElo "2107"]
[Result "1-0"]
[PlyCount "79"]
[EventDate "2016.07.30"]

1. Nf3 Nf6 2. g3 g6 3. Bg2 Bg7 4. d4 O-O 5. O-O d6 6. a4 Nbd7 7. a5 a6 8. Nc3
Rb8 9. e4 e5 10. h3 Re8 11. Re1 h6 12. Be3 Kh7 13. Qd2 Qe7 14. Rad1 exd4 15.
Bxd4 Ne5 16. Nd5 Nxd5 17. exd5 Qd8 18. Nxe5 dxe5 19. Bc5 b6 20. axb6 cxb6 21.
Be3 Qd6 22. c4 a5 23. Rc1 Bd7 24. c5 bxc5 25. Bxc5 Qa6 26. Bf1 Qa8 27. Bd6 Rb7
28. Ba3 e4 29. d6 Qa7 30. Rc3 a4 31. Rec1 Rd8 32. Rc7 Be6 33. Qf4 Rxc7 34. dxc7
Rc8 35. Qd6 Bd4 36. Bc5 Bxc5 37. Qxc5 Qb7 38. Qe5 Re8 39. Bg2 a3 40. bxa3 1-0

[Event "V Festival Mare di Fano A"]
[Site "Fano ITA"]
[Date "2016.07.30"]
[Round "1"]
[White "Scarpa, Silvia"]
[Black "Maisuradze, Nino"]
[WhiteElo "1926"]
[BlackElo "2281"]
[Result "0-1"]
[PlyCount "94"]
[EventDate "2016.07.30"]

1. e4 c5 2. Nc3 a6 3. g3 Nc6 4. Bg2 g6 5. d3 Bg7 6. Be3 d6 7. Qd2 b5 8. e5 Bb7
9. exd6 exd6 10. Bg5 Nf6 11. Qe3+ Kf8 12. Ne4 Qa5+ 13. c3 Re8 14. Ne2 Nd4 15.
O-O Nd5 16. Qd2 Nxe2+ 17. Qxe2 h6 18. Be3 Qc7 19. Nd2 Kg8 20. Rfe1 Kh7 21. Qf1
Re6 22. Nf3 Nxe3 23. Rxe3 Rxe3 24. fxe3 d5 25. Qf2 Re8 26. Nd2 f5 27. Re1 a5
28. e4 fxe4 29. dxe4 d4 30. Qf3 Rf8 31. Qd3 c4 32. Qc2 dxc3 33. bxc3 Qc5+ 34.
Kh1 Rf2 35. Qc1 Qe5 36. Re3 Qd6 37. Nf3 Rxa2 38. Qb1 Qc5 39. Qxa2 Qxe3 40. Qxa5
Bxe4 41. Ng1 Bxg2+ 42. Kxg2 Qxc3 43. Qxb5 Qd2+ 44. Kh3 Qf2 45. Qb1 c3 46. Qd1
c2 47. Qc1 Bd4 0-1

[Event "V Festival Mare di Fano A"]
[Site "Fano ITA"]
[Date "2016.07.30"]
[Round "1"]
[White "Setyaki, Azarya Jodi"]
[Black "Khadijah, Qurota'ain"]
[WhiteElo "2325"]
[BlackElo "1996"]
[Result "0-1"]
[PlyCount "156"]
[EventDate "2016.07.30"]

1. Nf3 Nf6 2. g3 g6 3. Bg2 Bg7 4. O-O O-O 5. d3 c5 6. e4 Nc6 7. Nbd2 d6 8. Re1
Qc7 9. c3 e5 10. Nf1 b5 11. Ne3 Bb7 12. a4 a6 13. g4 Ne7 14. Nd2 Rfd8 15. h4 d5
16. Qe2 d4 17. cxd4 exd4 18. Nef1 h5 19. g5 Nd7 20. b3 Nc6 21. Ba3 Qf4 22. Nf3
Nce5 23. Nxe5 Bxe5 24. Bc1 Qxh4 25. Qf3 Nf8 26. Qh3 Qxh3 27. Bxh3 Bc8 28. Bxc8
Rdxc8 29. f4 Bg7 30. e5 Ne6 31. Ng3 Nc7 32. Ne4 Bf8 33. Nf6+ Kg7 34. Bd2 Be7
35. Rac1 Ne6 36. Ne4 Kf8 37. Rc2 Ke8 38. Rf1 Ng7 39. Rfc1 Ne6 40. Rf1 Ng7 41.
Nf6+ Bxf6 42. gxf6 Ne6 43. f5 gxf5 44. Rxf5 Kd7 45. Rxh5 Rh8 46. Rxh8 Rxh8 47.
axb5 axb5 48. b4 Rh5 49. bxc5 Kc6 50. Ra2 Nxc5 51. Ra7 Nd7 52. Ra6+ Kb7 53. Rd6
Nxe5 54. Bf4 Nxd3 55. Bg3 Nc5 56. Rxd4 Rf5 57. Bf2 Kc6 58. Rd8 Ne4 59. Be3 Rxf6
60. Kg2 Nd6 61. Rb8 Re6 62. Kf3 Nc4 63. Bf2 Nd2+ 64. Kf4 Re2 65. Be3 Nc4 66.
Bd4 Re7 67. Bc3 Nb6 68. Kf5 Nd5 69. Bd4 b4 70. Rc8+ Rc7 71. Rxc7+ Kxc7 72. Ke5
Kc6 73. Bg1 Nc3 74. Bd4 Kb5 75. Be3 Kc4 76. Kf5 Kd3 77. Bc1 b3 78. Ba3 Kc2 0-1